Modern recording techniques

Saved in:
Bibliographic Details
Main Author: Huber, David Miles
Other Authors: Runstein, Robert E.
Format: Book
Language:English
Published: Amsterdam : Focal Press, 1997
Edition:5th ed.
Subjects:
Tags: Add Tag
No Tags, Be the first to tag this record!

MARC

LEADER 00000nam a2200000 i 4500
001 1/75651
008 050422s1997 eng d
020 |a 0-240-80456-2 
035 |l 10077761 
040 |a GR-MY-UA  |b gre  |e aacr 
041 0 |a eng 
082 0 |a 621.3893  |2 (21) 
100 1 |a Huber, David Miles. 
245 1 0 |a Modern recording techniques /  |c David Miles Huber, Robert E. Runstein 
250 |a 5th ed. 
260 |a Amsterdam :   |b Focal Press,   |c 1997 
300 |a xvi, 502 σ.;  |b εικ.;  |c 24 εκ. 
504 |a Περιέχει ευρερήριο 
650 0 0 |a Magnetic recorders and recording. 
650 0 0 |a Sound  |x Recording and reproducing. 
700 1 |a Runstein, Robert E. 
852 |a INST  |b LESVOS  |e 20050422  |h 621.3893 RUN  |p 005100029811  |q 005100029811  |t BK  |y 0 
901 |a BIBL1-2005-2 
909 |a Λ  |b 114974 
920 |a ΔΙΕΥΡΥΝΣΗ  |b ΕΠΕΑΕΚ-ΠΤΕ  |y ΛΕΣΒΟΣ  |z 2004-10 
970 |a ΜΑΡΙΝΑΤΟΥ  |b ΜΥΡΣΙΝΗ  |z 2005/04/22